Orígenes de una Comunidad. El cerro Cordillera de Valparaíso a inicios del siglo XX.
Uloženo v:
| Hlavní autor: | |
|---|---|
| Médium: | Kniha |
| Vydáno: |
Valparaíso, Chile:
Inubicalistas,
2022.
|
| Edice: | Colección Ensayos e Investigaciones
|
| Témata: | |
| On-line přístup: | Disponible Online - Ediciones Inubicalistas |
| Tagy: |
Přidat tag
Žádné tagy, Buďte první, kdo vytvoří štítek k tomuto záznamu!
|
MARC
| LEADER | 00000nam a22000007a 4500 | ||
|---|---|---|---|
| 003 | CL-VaPUC | ||
| 005 | 20250221123822.0 | ||
| 008 | 231218t2022 ||||| |||| 00| 0 eng d | ||
| 999 | |c 442739 |d 442737 | ||
| 020 | |a 978-956-9301-85-8 | ||
| 040 | |c Pontificia Universidad Católica de Valparaíso | ||
| 082 | 0 | 4 | |2 22 |a 983 RIQ 2022 |
| 100 | 1 | |a Riquelme Contreras, Aníbal |e autor |9 886579 | |
| 245 | 1 | 0 | |a Orígenes de una Comunidad. |b El cerro Cordillera de Valparaíso a inicios del siglo XX. |
| 260 | |a Valparaíso, Chile: |b Inubicalistas, |c 2022. | ||
| 300 | |a 135 páginas. | ||
| 490 | 0 | |a Colección Ensayos e Investigaciones | |
| 500 | |a c.1-2. Donación Autor. Memo HIS/034 2023. c.3.Donación Profesor Ricardo Iglesias S. (Director). MEMO HIS/006- 11-4-2024. | ||
| 583 | |c 20231218 |k Catalogador Asistente | ||
| 650 | 0 | |a Historia de Valparaíso |y Siglo 20 |9 482500 | |
| 651 | |a Cerro Cordillera |x Historia local |x Organizaciones deportivas |9 886922 | ||
| 651 | |a Cerro Cordillera |x Historia local |x Organizaciones civiles |9 886923 | ||
| 651 | |a Cerro Cordillera |x Historia local |x Organizaciones religiosas |9 886924 | ||
| 856 | |u https://edicionesinubicalistas.cl/wp-content/uploads/2023/07/Origenes-de-una-comunidad.-Version-web.pdf |y Disponible Online - Ediciones Inubicalistas | ||
| 942 | |2 ddc |c BK | ||
| 952 | |0 0 |1 0 |2 ddc |4 0 |6 983_000000000000000_RIQ_2022 |7 0 |8 A |9 592864 |a BIBHIS |b BIBHIS |c GEN |d 2023-12-18 |e Donación |i 5659806 |o 983 RIQ 2022 |p 5659806 |r 2023-12-18 |t 1 |w 2023-12-18 |y BK |k HIS | ||
| 952 | |0 0 |1 0 |2 ddc |4 0 |6 983_000000000000000_RIQ_2022 |7 0 |8 A |9 592865 |a BIBHIS |b BIBHIS |c GEN |d 2023-12-18 |e Donación |i 5659827 |o 983 RIQ 2022 |p 5659827 |r 2023-12-18 |t 2 |w 2023-12-18 |y BK |k HIS | ||
| 952 | |0 0 |1 0 |2 ddc |4 0 |6 983_000000000000000_RIQ_2022 |7 0 |8 A |9 594210 |a BIBHIS |b BIBHIS |d 2024-04-24 |e Donación |i 5660868 |o 983 RIQ 2022 |p 5660868 |r 2025-01-20 |t 3 |w 2024-04-24 |y BK |k HIS | ||